00394nam a2200157Ia 4500003000400000005001700004008004100021040000700062041000800069082002200077100002100099245003700120260004500157300002100202365001300223OSt20230506124755.0210423s2005 xx 000 0 und d cAL aeng a546.28 223bBRIA aBRISDAN (Alank). aInorganic spectroscopic methods. aNew DelhibOxford University Pressc2005 axxiv,524,i15bPB b125cINR